| 000 | 00548cam a2200169 4500500 | ||
|---|---|---|---|
| 005 | 20260412000113.0 | ||
| 041 | _afre | ||
| 042 | _adc | ||
| 100 | 1 | 0 |
_aBenyoucef, Amin _eauthor |
| 700 | 1 | 0 |
_aGouchon, Maëliss _eauthor |
| 700 | 1 | 0 |
_aNiedbalec, Arnaud _eauthor |
| 245 | 0 | 0 | _aIntroducción |
| 260 | _c2022. | ||
| 500 | _a3 | ||
| 786 | 0 | _nRegards croisés sur l'économie | 30-31 | 1 | 2022-11-22 | p. 14-16 | 1956-7413 | |
| 856 | 4 | 1 | _uhttps://shs.cairn.info/revista-regards-croises-sur-l-economie-2022-1-page-14?lang=es&redirect-ssocas=7080 |
| 999 |
_c2209197 _d2209197 |
||